| 000 | 01010nam a22002297a 4500 | ||
|---|---|---|---|
| 003 | OSt | ||
| 005 | 20250911173321.0 | ||
| 008 | 240206b ||||| |||| 00| 0 eng d | ||
| 040 | _c0 | ||
| 082 | _aDPer 621.381 In821 April 2022 v. 37 n. 4 | ||
| 100 |
_aPark, Inho. _eauthor. _951506 |
||
| 245 |
_aA four-phase hybrid step-up/down converter with RMS inductor current reduction and delay-based-zero-current detection / _cInho Park, Junyoung Maeng, Jinwoo Jeon, Hyunjin Kim, and Chulwoo Kim. |
||
| 260 |
_aNew York ; _bThe Institute of Electrical and Electronics Engineers, Inc. , _cApril 2022. |
||
| 300 |
_aVolume 37, pages 3708-3712 : _billustration ; _c28 cm. |
||
| 500 | _aIEEE Transactions on Power Electronics, vol. 37, no. 4, pages 3708-3712, April 2022. | ||
| 700 |
_aPark, Inho. _eauthor. _951506 |
||
| 700 |
_aMaeng, Junyoung. _eauthor. _951507 |
||
| 700 |
_aJeon, Jinwoo. _eauthor. _951508 |
||
| 700 |
_aKim, Hyunjin. _eauthor. _951509 |
||
| 700 |
_aKim, Chulwoo. _eauthor. _951510 |
||
| 942 |
_2ddc _cPER |
||
| 999 |
_c18934 _d18934 |
||